00357cam a22001097a 4500008004000000082002300040100002500063245005500088260003700143300001100180440005600191180718b1954 xxu||||| |||| 00| 0 eng d aA81x5433 In2/51/22 aCensus of India 1951 aHimachal Pradesh district census handbooks, Mahasu aSimlabHimachal Governmentc1954 a834+p. aCensus of India 1951. Volume XXII, Himachal Pradesh